[Event "Bussum op 30th"]
[Site "Bussum"]
[Date "2013.05.19"]
[Round "4"]
[White "Van Eeghen, Piet"]
[Black "Van den Bergh, Ben G"]
[Result "0-1"]
[WhiteElo "1786"]
[BlackElo "2007"]
[PlyCount "34"]
[EventDate "2013.05.18"]
[EventType "swiss"]
[EventRounds "7"]
[EventCountry "NED"]
[SourceTitle "CBM 154 Extra"]
[Source "ChessBase"]
[SourceDate "2013.06.25"]
[SourceVersion "2"]
[SourceVersionDate "2013.06.25"]
[SourceQuality "1"]

1. d4 Nf6 2. c4 g6 3. Nc3 Bg7 4. e4 d6 5. Nf3 0-0 6. Be2 Bg4 7. Be3 Nfd7 8. h3 Bxf3 9. Bxf3 c5 10. d5 Na6 11. 0-0 Nc7 12. Qd2 Re8 13. Be2 a6 14. a4 Rb8 15. f4 e6 16. Bd3 exd5 17. exd5 Rxe3 0-1

[Event "Bussum op 30th"]
[Site "Bussum"]
[Date "2013.05.18"]
[Round "2"]
[White "Markus, John Raymond"]
[Black "Van den Bergh, Ben G"]
[Result "1/2-1/2"]
[WhiteElo "2072"]
[BlackElo "2007"]
[PlyCount "77"]
[EventDate "2013.05.18"]
[EventType "swiss"]
[EventRounds "7"]
[EventCountry "NED"]
[SourceTitle "CBM 154 Extra"]
[Source "ChessBase"]
[SourceDate "2013.06.25"]
[SourceVersion "2"]
[SourceVersionDate "2013.06.25"]
[SourceQuality "1"]

1. d4 Nf6 2. c4 g6 3. Nc3 Bg7 4. e4 d6 5. f4 0-0 6. Nf3 c5 7. d5 e6 8. Be2 exd5 9. cxd5 b5 10. e5 dxe5 11. fxe5 Ng4 12. Bxb5 Nxe5 13. 0-0 Ba6 14. a4 Bxb5 15. axb5 Nbd7 16. Nxe5 Bxe5 17. Bf4 Re8 18. Qf3 Bd4+ 19. Kh1 Nb6 20. d6 Bxc3 21. bxc3 Qd7 22. Qc6 c4 23. h3 f5 24. Bh2 Rad8 25. Rfd1 Re4 26. Qc7 Nc8 27. Bg1 f4 28. Bxa7 f3 29. Qxd7 Rxd7 30. gxf3 Re6 31. Bc5 Re5 32. Bb4 Kf7 33. Ra8 Nb6 34. Rh8 Rh5 35. Kg2 Nd5 36. Rxd5 Rxd5 37. b6 Rh5 38. Rc8 Rb5 39. Rxc4 1/2-1/2

[Event "Bussum op 29th"]
[Site "Bussum"]
[Date "2012.05.27"]
[Round "5.19"]
[White "Van den Bergh, Ben G"]
[Black "Van Oosten, Jaap"]
[Result "1/2-1/2"]
[WhiteElo "2012"]
[BlackElo "2009"]
[PlyCount "126"]
[EventDate "2012.05.25"]
[EventType "swiss"]
[EventRounds "7"]
[EventCountry "NED"]
[SourceTitle "CBM 148 Extra"]
[Source "ChessBase"]
[SourceDate "2012.06.22"]
[SourceVersion "1"]
[SourceVersionDate "2012.06.22"]
[SourceQuality "1"]

1. e4 e5 2. Nf3 Nc6 3. Bc4 Nf6 4. Ng5 d5 5. exd5 Na5 6. Bb5+ c6 7. dxc6 bxc6 8. Be2 h6 9. Nh3 Bd6 10. d3 0-0 11. 0-0 Qc7 12. Nc3 Nb7 13. Be3 Nd8 14. Ne4 Nxe4 15. dxe4 Bxh3 16. gxh3 Ne6 17. Bc4 Nf4 18. Qf3 Kh8 19. Kh1 a5 20. Rg1 Rae8 21. Rad1 Qe7 22. Rg3 Bc7 23. Rdg1 Rg8 24. Rg4 Qf6 25. Rd1 Rd8 26. Rgg1 Rxd1 27. Rxd1 Rd8 28. Rxd8+ Bxd8 29. Bxf4 exf4 30. c3 Bc7 31. Qg4 Qe7 32. Qc8+ Kh7 33. Qf5+ Kg8 34. h4 Bb6 35. Qxf4 Bxf2 36. e5 Bxh4 37. Qf5 Bg5 38. b4 axb4 39. cxb4 Qb7 40. Qe4 Kf8 41. b5 Qd7 42. bxc6 Qd1+ 43. Kg2 Qd2+ 44. Be2 Bd8 45. Qc4 Qg5+ 46. Kh1 Qxe5 47. Bf3 Bc7 48. Qb4+ Kg8 49. Qd2 g6 50. Bd5 Kg7 51. a4 Qa1+ 52. Kg2 Qxa4 53. Qc3+ Kh7 54. Qb3 Qg4+ 55. Kf2 Bxh2 56. Bxf7 Bc7 57. Bg8+ Kh8 58. Qf7 Qf5+ 59. Qxf5 gxf5 60. Be6 f4 61. Kg2 Kg7 62. Bd5 Kf6 63. Bf3 Kg5 1/2-1/2

[Event "Hilversum op-A"]
[Site "Hilversum"]
[Date "2010.07.02"]
[Round "7"]
[White "Abma, Klaas"]
[Black "Van den Bergh, Ben G"]
[Result "1-0"]
[WhiteElo "1981"]
[BlackElo "2008"]
[PlyCount "99"]
[EventDate "2010.06.26"]
[EventType "swiss"]
[EventRounds "9"]
[EventCountry "NED"]
[SourceTitle "CBM 137 Extra"]
[Source "ChessBase"]
[SourceDate "2010.09.01"]
[SourceVersion "1"]
[SourceVersionDate "2010.09.01"]
[SourceQuality "1"]

1. d4 Nf6 2. Nf3 g6 3. Nc3 Bg7 4. e4 d6 5. Be3 0-0 6. Qd2 Bg4 7. Be2 c6 8. h3 Bxf3 9. Bxf3 Nbd7 10. g4 e5 11. dxe5 Nxe5 12. Be2 d5 13. f4 Nc4 14. Bxc4 dxc4 15. Qxd8 Rfxd8 16. Ke2 b6 17. Rad1 h6 18. Rxd8+ Rxd8 19. Rd1 Rxd1 20. Kxd1 Nd7 21. Ke2 Bxc3 22. bxc3 f6 23. h4 g5 24. h5 Kf7 25. Kf3 Ke6 26. Kg3 a5 27. Kf3 b5 28. Ke2 c5 29. Kd2 Kf7 30. Ke2 Kg7 31. Kf3 a4 32. a3 Kf7 33. Ke2 Ke6 34. Kf3 gxf4 35. Kxf4 b4 36. cxb4 cxb4 37. axb4 a3 38. Bd4 a2 39. b5 Nb6 40. Ke3 Na4 41. Ba1 c3 42. Kd4 Kd6 43. Kc4 Ke5 44. Kb4 Nb6 45. Kxc3 Kxe4 46. Kb3 Kf4 47. c4 f5 48. gxf5 Kxf5 49. Bd4 Ke4 50. Ba1 1-0

[Event "Hilversum op-A"]
[Site "Hilversum"]
[Date "2010.06.28"]
[Round "3"]
[White "Van den Bergh, Jan"]
[Black "Van den Bergh, Ben G"]
[Result "1-0"]
[WhiteElo "2124"]
[BlackElo "2008"]
[PlyCount "51"]
[EventDate "2010.06.26"]
[EventType "swiss"]
[EventRounds "9"]
[EventCountry "NED"]
[SourceTitle "CBM 137 Extra"]
[Source "ChessBase"]
[SourceDate "2010.09.01"]
[SourceVersion "1"]
[SourceVersionDate "2010.09.01"]
[SourceQuality "1"]

1. Nf3 Nf6 2. d4 g6 3. c4 Bg7 4. g3 0-0 5. Bg2 d6 6. 0-0 Nc6 7. Nc3 a5 8. b3 Nd7 9. Bb2 e5 10. dxe5 dxe5 11. Qd2 Nd4 12. Rad1 c6 13. Ne1 f5 14. e3 Ne6 15. Na4 g5 16. f4 gxf4 17. exf4 exf4 18. Bxg7 Kxg7 19. Nc2 Qf6 20. Ne3 Ndc5 21. Nb6 Ra6 22. Nxc8 Rxc8 23. Bh3 Rd8 24. Nxf5+ Kh8 25. gxf4 h6 26. Qe3 1-0

[Event "Hilversum op-A"]
[Site "Hilversum"]
[Date "2010.06.26"]
[Round "1"]
[White "Goudriaan, Etienne"]
[Black "Van den Bergh, Ben G"]
[Result "1-0"]
[WhiteElo "2249"]
[BlackElo "2124"]
[PlyCount "69"]
[EventDate "2010.06.26"]
[EventType "swiss"]
[EventRounds "9"]
[EventCountry "NED"]
[SourceTitle "CBM 137 Extra"]
[Source "ChessBase"]
[SourceDate "2010.09.01"]
[SourceVersion "1"]
[SourceVersionDate "2010.09.01"]
[SourceQuality "1"]

1. d4 Nf6 2. c4 g6 3. Nc3 Bg7 4. e4 d6 5. Be2 0-0 6. Nf3 Bg4 7. Be3 Nfd7 8. Rc1 c5 9. d5 Na6 10. 0-0 Nc7 11. Qd2 Re8 12. Bh6 Bh8 13. Ng5 Bxe2 14. Qxe2 e6 15. Qf3 Bf6 16. dxe6 fxe6 17. Qg3 Qe7 18. Kh1 Bg7 19. Bxg7 Kxg7 20. Rcd1 Ne5 21. f4 Nxc4 22. f5 Rf8 23. Nxh7 Kxh7 24. Qxg6+ Kh8 25. Rd3 Rf7 26. Rh3+ Rh7 27. Rff3 Rg8 28. Rxh7+ Qxh7 29. Qf6+ Rg7 30. Rh3 Qxh3 31. gxh3 Ne5 32. Ne2 Nd3 33. Ng3 Nf2+ 34. Kg2 Nxe4 35. Qh4+ 1-0

[Event "Waling Dijkstra Gr-A"]
[Site "Leeuwarden"]
[Date "2009.11.14"]
[Round "3"]
[White "Stavast, Dick"]
[Black "Van den Bergh, Ben G"]
[Result "1-0"]
[WhiteElo "2041"]
[BlackElo "2011"]
[PlyCount "64"]
[EventDate "2009.11.13"]
[EventType "swiss"]
[EventRounds "6"]
[EventCountry "NED"]
[SourceTitle "EXT 2010"]
[Source "ChessBase"]
[SourceDate "2010.11.25"]
[SourceVersion "1"]
[SourceVersionDate "2010.11.25"]
[SourceQuality "1"]

1. Nf3 Nf6 2. d4 g6 3. Bg5 Bg7 4. Nbd2 d5 5. e3 0-0 6. Bd3 b6 7. 0-0 Bb7 8. c3 Nbd7 9. Qb1 Re8 10. Ne5 Nxe5 11. dxe5 Nd7 12. f4 f6 13. e6 fxg5 14. exd7 Qxd7 15. f5 e5 16. fxg6 h6 17. Bf5 Qd6 18. Qd3 e4 19. Qe2 Rf8 20. g4 Bc8 21. Rad1 Qe5 22. c4 Bxf5 23. gxf5 Rxf5 24. cxd5 Rxf1+ 25. Nxf1 Qxb2 26. Qxb2 Bxb2 27. Ng3 Kg7 28. d6 cxd6 29. Rxd6 Be5 30. Nf5+ Kf8 31. Rd7 Rc8 32. Rf7+ Ke8 1-0

[Event "Waling Dijkstra Gr-A"]
[Site "Leeuwarden"]
[Date "2009.11.14"]
[Round "2"]
[White "Van den Bergh, Ben G"]
[Black "Jonkman, Harmen"]
[Result "0-1"]
[WhiteElo "2011"]
[BlackElo "2418"]
[PlyCount "104"]
[EventDate "2009.11.13"]
[EventType "swiss"]
[EventRounds "6"]
[EventCountry "NED"]
[SourceTitle "EXT 2010"]
[Source "ChessBase"]
[SourceDate "2010.11.25"]
[SourceVersion "1"]
[SourceVersionDate "2010.11.25"]
[SourceQuality "1"]

1. b3 d5 2. Bb2 Nf6 3. e3 Bf5 4. Nf3 h6 5. Be2 Nbd7 6. 0-0 e6 7. Ne5 Nxe5 8. Bxe5 Nd7 9. Bb2 Bd6 10. f4 Rg8 11. Bg4 Bxg4 12. Qxg4 Qe7 13. c4 0-0-0 14. cxd5 exd5 15. Nc3 c6 16. Rae1 Kb8 17. e4 Nf6 18. Qf3 Bc5+ 19. Kh1 dxe4 20. Nxe4 Bd4 21. Nxf6 Qxf6 22. Bc3 Rd5 23. h3 Rgd8 24. Re2 Bxc3 25. dxc3 Rd3 26. Re3 Qxc3 27. Rxd3 Qxd3 28. Qf2 Qd4 29. Qc2 f6 30. Kh2 a6 31. Rf3 Rd7 32. a4 Re7 33. Qg6 Ka7 34. Qf5 Qd5 35. Qc2 Re4 36. Qf2+ Qd4 37. Qg3 g5 38. fxg5 fxg5 39. Rd3 Qe5 40. Qxe5 Rxe5 41. g4 Re6 42. h4 a5 43. h5 Kb6 44. Kg2 Kc5 45. Rd7 b5 46. Rg7 Re4 47. Kf3 Rf4+ 48. Kg3 Rb4 49. axb5 Rxb3+ 50. Kg2 Rxb5 51. Rg6 a4 52. Rxh6 a3 0-1

[Event "Waling Dijkstra Gr-A"]
[Site "Leeuwarden"]
[Date "2009.11.14"]
[Round "4"]
[White "Van den Bergh, Ben G"]
[Black "Smith, Thijmen"]
[Result "0-1"]
[WhiteElo "2011"]
[BlackElo "2070"]
[PlyCount "32"]
[EventDate "2009.11.13"]
[EventType "swiss"]
[EventRounds "6"]
[EventCountry "NED"]
[SourceTitle "EXT 2010"]
[Source "ChessBase"]
[SourceDate "2010.11.25"]
[SourceVersion "1"]
[SourceVersionDate "2010.11.25"]
[SourceQuality "1"]

1. b3 e5 2. Bb2 Nc6 3. c4 d6 4. e3 g6 5. d4 exd4 6. exd4 Bg7 7. Nf3 Nge7 8. Be2 0-0 9. 0-0 d5 10. c5 Bg4 11. Na3 Nf5 12. Nc2 Qf6 13. Ne5 Bxe2 14. Qxe2 Nfxd4 15. Nxd4 Qxe5 16. Qxe5 Nxe5 0-1